000 00708nam a2200229 a 4500
008
020 _a0434915424 (pbk.)
049 _aMAIN
090 _aHJ9733
_bMAN
245 0 0 _aManagement accounting in the public sector /
_cedited by Maurice W. Pendlebury.
260 _aOxford :
_bHeinemann Professional,
_c1989.
300 _a264 p. :
_bill. ;
_c24 cm.
500 _aIncludes index.
650 _aManagerial accounting.
700 1 _aPendlebury, Maurice W.
710 2 _aChartered Institute of Management Accountants.
907 _a.b10019996
_b23-07-12
_c17-04-03
003
005 20230123133135.0
040 _cNUST
942 _cBOOKS
_kHJ9733
_mMAN
999 _c143452
_d143452